[Event "Douglas IoM op"]
[Site "Douglas"]
[Date "2017.09.25"]
[Round "3"]
[White "Anand, Viswanathan"]
[Black "Lubbe, Nikolas"]
[Result "1-0"]
[WhiteElo "2794"]
[BlackElo "2515"]
[PlyCount "83"]
[EventDate "2017.09.23"]
[EventType "swiss"]
[EventRounds "9"]
[EventCountry "IOM"]
[SourceTitle "CBM 181"]
[Source "ChessBase"]
[SourceDate "2017.11.10"]
[SourceVersion "1"]
[SourceVersionDate "2017.11.10"]
[SourceQuality "1"]

1. e4 c5 2. Nf3 d6 3. d4 cxd4 4. Nxd4 Nf6 5. Nc3 a6 6. a4 e5 7. Nf3 Be7 8. Bg5
Nbd7 9. Bc4 h6 10. Be3 Nb6 11. Bb3 Be6 12. Qd3 Rc8 13. Bxb6 Qxb6 14. a5 Qc7 15.
Nd2 O-O 16. O-O Rfd8 17. Rfd1 Rd7 18. Na4 d5 19. Nb6 dxe4 20. Qf1 Bg4 21. Nxd7
Qxd7 22. Nc4 Qc7 23. Nb6 Rf8 24. Re1 Bb4 25. c3 Bxa5 26. Nd5 Nxd5 27. Bxd5 Rd8
28. Bxe4 Rd2 29. h3 Be6 30. Re2 Bc4 31. Rxd2 Bxf1 32. Rxf1 Kf8 33. Rfd1 Ke7 34.
Bf5 Kf6 35. Rd7 Qc4 36. Bd3 Qa4 37. Be2 Qb3 38. R1d6+ Kg5 39. g3 g6 40. h4+ Kf5
41. g4+ Ke4 42. Rf6 1-0

[Event "Douglas IoM op"]
[Site "Douglas"]
[Date "2017.09.26"]
[Round "4"]
[White "Shirov, Alexei"]
[Black "Anand, Viswanathan"]
[Result "1/2-1/2"]
[WhiteElo "2630"]
[BlackElo "2794"]
[PlyCount "60"]
[EventDate "2017.09.23"]
[EventType "swiss"]
[EventRounds "9"]
[EventCountry "IOM"]
[SourceTitle "CBM 181"]
[Source "ChessBase"]
[SourceDate "2017.11.10"]
[SourceVersion "1"]
[SourceVersionDate "2017.11.10"]
[SourceQuality "1"]

1. e4 e5 2. Nf3 Nc6 3. Bb5 Nf6 4. O-O Nxe4 5. d4 Nd6 6. Bxc6 dxc6 7. dxe5 Nf5
8. Qxd8+ Kxd8 9. Nc3 Ne7 10. h3 Ng6 11. Be3 Ke8 12. Rad1 Bd7 13. Rfe1 Bb4 14.
Bd4 Be6 15. a3 Bxc3 16. Bxc3 c5 17. Ng5 Ke7 18. Kh2 h5 19. b4 cxb4 20. Bxb4+
Ke8 21. Nxe6 fxe6 22. Re3 Ne7 23. Bxe7 Kxe7 24. Rc3 Rac8 25. Rd4 c5 26. Ra4 a6
27. Ra5 c4 28. Ra4 Rhf8 29. Raxc4 Rxc4 30. Rxc4 Rxf2 1/2-1/2

[Event "Douglas IoM op"]
[Site "Douglas"]
[Date "2017.09.27"]
[Round "5"]
[White "Anand, Viswanathan"]
[Black "Grandelius, Nils"]
[Result "1/2-1/2"]
[WhiteElo "2794"]
[BlackElo "2653"]
[PlyCount "69"]
[EventDate "2017.09.23"]
[EventType "swiss"]
[EventRounds "9"]
[EventCountry "IOM"]
[SourceTitle "CBM 181"]
[Source "ChessBase"]
[SourceDate "2017.11.10"]
[SourceVersion "1"]
[SourceVersionDate "2017.11.10"]
[SourceQuality "1"]

1. e4 c5 2. Nf3 d6 3. d4 cxd4 4. Nxd4 Nf6 5. Nc3 a6 6. h3 e6 7. g4 h6 8. Bg2
Be7 9. Be3 Nc6 10. Nxc6 bxc6 11. Qd2 Rb8 12. O-O-O Qa5 13. e5 Nd5 14. exd6 Bf6
15. Bxd5 cxd5 16. Bd4 Qb4 17. b3 Qxd4 18. Qxd4 Bxd4 19. Rxd4 Kd7 20. Nd1 Bb7
21. Re1 Kxd6 22. Ne3 Kc5 23. c3 Rbc8 24. Red1 Rc7 25. Kb2 Kb6 26. f4 Rhc8 27.
c4 dxc4 28. Nxc4+ Ka7 29. Nd6 Rb8 30. Rc1 Rxc1 31. Kxc1 Rf8 32. Nxb7 Kxb7 33.
Kd2 Kc6 34. Ke3 f5 35. Rc4+ 1/2-1/2

[Event "Douglas IoM op"]
[Site "Douglas"]
[Date "2017.09.29"]
[Round "7"]
[White "Lenderman, Aleksandr"]
[Black "Anand, Viswanathan"]
[Result "1/2-1/2"]
[WhiteElo "2565"]
[BlackElo "2794"]
[PlyCount "91"]
[EventDate "2017.09.23"]
[EventType "swiss"]
[EventRounds "9"]
[EventCountry "IOM"]
[SourceTitle "CBM 181"]
[Source "ChessBase"]
[SourceDate "2017.11.10"]
[SourceVersion "1"]
[SourceVersionDate "2017.11.10"]
[SourceQuality "1"]

1. d4 Nf6 2. c4 e6 3. g3 d5 4. Bg2 Bb4+ 5. Nd2 O-O 6. Ngf3 b6 7. O-O Bb7 8. Ne5
Nbd7 9. Qa4 Bd6 10. Nxd7 Qxd7 11. Qxd7 Nxd7 12. cxd5 Bxd5 13. e4 Bb7 14. Rd1
Be7 15. Nc4 Nf6 16. f3 c5 17. Be3 cxd4 18. Bxd4 Rfd8 19. Be3 Ne8 20. a4 Nd6 21.
Bf1 Nxc4 22. Bxc4 Rxd1+ 23. Rxd1 Rd8 24. Rxd8+ Bxd8 25. b4 Bc7 26. b5 Kf8 27.
Kf2 Ke7 28. Ke2 f6 29. Kd3 Bc8 30. f4 Bd7 31. h4 h6 32. g4 Bd6 33. Kc3 Bc8 34.
Kd3 Bb7 35. h5 e5 36. f5 Kd7 37. Bd5 Bxd5 38. exd5 Kc7 39. Bd2 Kb7 40. a5 a6
41. Kc4 bxa5 42. Bxa5 axb5+ 43. Kxb5 Be7 44. Bb6 Bf8 45. Be3 Kc7 46. Kc4
1/2-1/2

[Event "London Classic 9th"]
[Site "London"]
[Date "2017.12.01"]
[Round "1"]
[White "Nakamura, Hikaru"]
[Black "Anand, Viswanathan"]
[Result "1/2-1/2"]
[WhiteElo "2781"]
[BlackElo "2782"]
[Annotator "Yermolinsky,A"]
[PlyCount "87"]
[EventDate "2017.12.01"]
[EventType "tourn"]
[EventRounds "9"]
[EventCountry "ENG"]
[EventCategory "22"]
[SourceTitle "CBM 182"]
[Source "ChessBase"]
[SourceDate "2018.01.17"]
[SourceVersion "1"]
[SourceVersionDate "2018.01.17"]
[SourceQuality "1"]

1. Nf3 Nf6 2. g3 {Hikaru wanted a big fight, so he aimed to avoid theory.} d5
3. Bg2 c5 4. O-O g6 $5 {On the black side of the Reti Vishy likes to
fianchetto his bishop once he gets his pawns to the centre.} 5. d4 $5 {
Suddenly, it's White who's playing the Grunfeld!} cxd4 6. Nxd4 Bg7 7. Nb3 ({
Book says} 7. c4 O-O 8. cxd5 Nxd5 9. Nc3 Nxc3 10. bxc3 {The Chinese GM Li Chao
has defended the black side of this at least four times in recent practice.})
7... Nc6 8. Nc3 e6 9. e4 d4 10. Na4 O-O 11. c3 dxc3 ({It would have been too
ambitious for Anand to pretend he was White and continue with} 11... e5 12.
cxd4 exd4 {The extra tempo can be put to good use, say by playing} 13. Re1) 12.
Nxc3 e5 13. Be3 $14 Bg4 14. f3 Be6 15. Nc5 Qe7 16. Nxe6 Qxe6 17. Qd2 {White
appears to be slightly better thanks to the bishop pair.} Rfd8 18. Qf2 Bf8 19.
h3 Bb4 20. Rac1 Rd3 ({Vishy turned down Hikaru's pawn offer,} 20... Bxc3 21.
Rxc3 Qxa2 {likely because of being concerned about} 22. Bg5 Qe6 23. f4 {
but then} exf4 24. gxf4 (24. Qxf4 Nh5) 24... Nxe4 25. Bxe4 Qxe4 26. Bxd8 Rxd8 {
appears to be playable for Black.}) 21. Rfd1 Rad8 22. Rxd3 Rxd3 23. Bf1 Rd8 24.
a3 Be7 {Skillful display by Nakamura. White controls all key squares while
avoiding massive exchanges.} 25. g4 $6 {Oh, I don't know about this. The
weakening of the dark squares may come back to bite White.} (25. Kh2 a6 26. Nd5
$1 Nxd5 27. Bc4 {and White plays on without any risk.}) 25... Kg7 26. Kh2 h6
27. h4 (27. Nb5 a6 28. Bc4 Qc8 29. Nc3 Nh7 {and now we can see how ...Bg5
becomes an issue.}) 27... Nd4 $1 {In the approach to the time control Anand
begins to bother Nakamura with tactical play.} 28. g5 hxg5 29. hxg5 Nh7 30. Bh3
Qb3 31. f4 Nc6 $1 {White's position is grossly overextended. Something is
going to give.} 32. Nd5 (32. Rg1 exf4 33. Bxf4 Bxa3) 32... exf4 33. Bxf4 Bxg5
$2 {This decision likely cost Anand a nice win in the opening round.} ({
Keeping the Be7 on to protect f6 was a must:} 33... Nxg5 {Soon some other
trades will be forced and Black will get to keep his extra pawn, e.g.} 34. Rc3
Qd1 35. Qg2 Nxh3 36. Rxh3 Rh8 37. Rxh8 Kxh8 38. Nxe7 Nxe7 39. Be5+ Kg8 40. Bc3
Nc6 41. Qf2 Qg4 42. Qf6 Kf8 $17) 34. Bxg5 Nxg5 35. Qf6+ Kh6 36. Bg2 Nh7 37.
Qxf7 Rf8 38. Qc7 Qxb2 39. Rh1 Qf2 40. Kh3 Rf7 41. Qg3 {The time control has
been made, and White soon is to be looking at a tough defensive task, a pawn
down in the endgame.} Qb2 $6 {All of a sudden Vishy moved his queen away.} (
41... Kg7 42. Qxf2 Rxf2 43. Rb1 Rf7 44. Kg3 Ne5 {was expected.}) 42. Ne3 $1 {
It is amazing how quick Hikaru was to pounce on that error.} Nf6 $6 ({Still,} 
42... Qd4 43. Rd1 Ng5+ 44. Kh2 Nf3+ 45. Bxf3 Qxe3 46. Bg2 Qxg3+ 47. Kxg3 $15 {
was there.}) 43. Bf3 {Suddenly it's the black king that's in danger.} Kh7 44.
Nf5 ({A draw was agreed based on a forced line} 44. Nf5 Qxa3 45. Kg2+ Nh5 46.
Qg5 Qb2+ 47. Kg1 Qb6+ 48. Kg2 {and Black must keep on checking.}) 1/2-1/2

[Event "London Classic 9th"]
[Site "London"]
[Date "2017.12.03"]
[Round "2"]
[White "Anand, Viswanathan"]
[Black "Adams, Michael"]
[Result "1/2-1/2"]
[WhiteElo "2782"]
[BlackElo "2715"]
[PlyCount "95"]
[EventDate "2017.12.01"]
[EventType "tourn"]
[EventRounds "9"]
[EventCountry "ENG"]
[EventCategory "22"]
[SourceTitle "CBM 182"]
[Source "ChessBase"]
[SourceDate "2018.01.17"]
[SourceVersion "1"]
[SourceVersionDate "2018.01.17"]
[SourceQuality "1"]

1. e4 e5 2. Nf3 Nc6 3. Bb5 Nf6 4. d3 Bc5 5. c3 O-O 6. O-O d5 7. exd5 Qxd5 8.
Bc4 Qd8 9. b4 Be7 10. Nbd2 Bf5 11. Qc2 a6 12. a4 Qd7 13. Bb2 Bd6 14. Ne4 Nxe4
15. dxe4 Be6 16. Be2 f6 17. a5 Rfd8 18. Bc1 Qf7 19. Be3 Bf8 20. Rfb1 Bc4 21.
Bxc4 Qxc4 22. Nd2 Qe6 23. Kf1 Na7 24. Bxa7 Rxa7 25. Qa2 Kf7 26. Ke2 Raa8 27.
Qxe6+ Kxe6 28. Nc4 c6 29. Nb6 Rab8 30. Rd1 c5 31. Rxd8 Rxd8 32. Nd5 cxb4 33.
cxb4 Rc8 34. Kd3 f5 35. f3 Bd6 36. Rb1 h5 37. Ne3 g6 38. b5 fxe4+ 39. fxe4 Bc7
40. Nd5 Bxa5 41. Ra1 Bd8 42. bxa6 bxa6 43. Rxa6+ Kf7 44. Ra7+ Ke8 45. Rh7 Rc6
46. g3 Rc1 47. Rh8+ Kd7 48. Rh7+ 1/2-1/2

[Event "London Classic 9th"]
[Site "London"]
[Date "2017.12.05"]
[Round "4"]
[White "Anand, Viswanathan"]
[Black "Aronian, Levon"]
[Result "1/2-1/2"]
[WhiteElo "2782"]
[BlackElo "2805"]
[PlyCount "61"]
[EventDate "2017.12.01"]
[EventType "tourn"]
[EventRounds "9"]
[EventCountry "ENG"]
[EventCategory "22"]
[SourceTitle "CBM 182"]
[Source "ChessBase"]
[SourceDate "2018.01.17"]
[SourceVersion "1"]
[SourceVersionDate "2018.01.17"]
[SourceQuality "1"]

1. e4 e5 2. Nf3 Nc6 3. Bb5 a6 4. Ba4 Nf6 5. O-O Be7 6. Re1 b5 7. Bb3 O-O 8. h3
Bb7 9. d3 d5 10. exd5 Nxd5 11. Nbd2 Qd7 12. a4 Rae8 13. axb5 axb5 14. Nxe5 Nxe5
15. Rxe5 Nf6 16. Nf1 Bd6 17. Rxe8 Rxe8 18. Be3 Qf5 19. Qe2 Qg6 20. f3 Bd5 21.
c4 Be6 22. c5 Bxb3 23. cxd6 cxd6 24. Qd2 h6 25. Bf2 Rc8 26. Ne3 Nd5 27. Nxd5
Bxd5 28. Kh2 Qg5 29. Be3 Qf5 30. Rc1 Rxc1 31. Qxc1 1/2-1/2

[Event "London Classic 9th"]
[Site "London"]
[Date "2017.12.08"]
[Round "6"]
[White "Anand, Viswanathan"]
[Black "Karjakin, Sergey"]
[Result "1/2-1/2"]
[WhiteElo "2782"]
[BlackElo "2760"]
[PlyCount "40"]
[EventDate "2017.12.01"]
[EventType "tourn"]
[EventRounds "9"]
[EventCountry "ENG"]
[EventCategory "22"]
[SourceTitle "CBM 182"]
[Source "ChessBase"]
[SourceDate "2018.01.17"]
[SourceVersion "1"]
[SourceVersionDate "2018.01.17"]
[SourceQuality "1"]

1. c4 Nf6 2. Nc3 e6 3. e4 d5 4. e5 d4 5. exf6 dxc3 6. bxc3 Qxf6 7. Nf3 e5 8. d4
Nc6 9. Bg5 Qg6 10. d5 Nb8 11. h4 h6 12. h5 Qa6 13. Be3 Nd7 14. Bd3 Ba3 15. O-O
Qd6 16. Nh4 O-O 17. Nf5 Qf6 18. Ng3 Qh4 19. Nf5 Qf6 20. Ng3 Qh4 1/2-1/2

[Event "London Classic 9th"]
[Site "London"]
[Date "2017.12.11"]
[Round "9"]
[White "Anand, Viswanathan"]
[Black "So, Wesley"]
[Result "0-1"]
[WhiteElo "2782"]
[BlackElo "2788"]
[Annotator "So,Wesley"]
[PlyCount "66"]
[EventDate "2017.12.01"]
[EventType "tourn"]
[EventRounds "9"]
[EventCountry "ENG"]
[EventCategory "22"]
[SourceTitle "CBM 182"]
[Source "ChessBase"]
[SourceDate "2018.01.17"]
[SourceVersion "1"]
[SourceVersionDate "2018.01.17"]
[SourceQuality "1"]

{London was cold, snowy, sleety, rainy and windy. Although I fought hard in my
games I couldn't seem to create much heat. What to do? People seem to think
that strong players can and should win whenever they want. My guess is the
people who think that have never played the best chess players in the world in
a lengthy tournament. Everyone fights to the death and more often than not, a
win or loss can hang on one single move. Anyway, I had some great battles that
did not end decisively and now I was at the last game. My last chance and I'm
playing black against the great Anand. Hope dies hard and of course I had a
flickering hope that I might crack a win this time but hey ... I'm sure Vishy
did too.} 1. e4 (1. c4 {was a strong possibility too. From time to time Vishy
plays this, with good results.}) 1... e5 {I considered other options in move 1,
like Caro or French but since I'd prepared 1...e5 mostly for this tournament,
I decided to stick with it.} 2. Nf3 Nc6 3. Bc4 {I was happy to see this move.
I'd prepared mostly for 3.Bb5, but before this tournament I'd prepared a DVD
for ChessBase in the Italian Game. In looking at the material for the work and
familiarizing myself with the typical ideas, plans, and setups, I also noticed
that it's not easy for White to claim a clear cut advantage when Black knows
what to do.} Bc5 4. O-O {The slow classical setup. For the time being, White
just wants to castle and develop his pieces.} ({Earlier this year Peter
Svidler tried the older variation against me, but in that game I equalized
well:} 4. c3 Nf6 5. d4 exd4 6. e5 d5 7. Bb5 Ne4 8. cxd4 Bb6 9. Nc3 O-O 10. Be3
Bg4 11. h3 Bh5 12. Qc2 Bg6 13. Qb3 Ne7 14. O-O c6 15. Bd3 Nf5 16. Rae1 Nxd4 17.
Bxd4 Bxd4 18. Nxe4 dxe4 19. Bxe4 Bxe4 20. Rxe4 Bb6 21. e6 Qe7 22. exf7+ Qxf7
23. Re6 Kh8 $11 {1/2-1/2 (29) Svidler,P (2749)-So,W (2810) Saint Louis 2017})
4... Nf6 5. d3 O-O {Here Black already has a flexible choice, with ...a6,...a5,
...d6, or ...h6 all playable alternatives. I like 5...0-0, as I keep the
option of going d7-d5 in one move and I am not necessarily afraid of the pin
Bg5.} 6. a4 ({Just the previous day, I'd been very impressed by Vishy's game:} 
6. c3 d5 7. exd5 Nxd5 8. a4 (8. Re1 Bg4) 8... a6 {Both 8...a5 and 8...Nb6
looks good too.} 9. Re1 Bg4 10. h3 Bh5 11. Nbd2 f6 12. Ne4 Ba7 13. b4 Kh8 14.
Bd2 Nce7 15. b5 axb5 16. axb5 c6 $11 {with no problems. Black's play here
looks so convincing that in fact if Vishy went for this I wouldn't have minded
playing the exact same line starting with 8...a6 against him!} 17. Ng3 Be8 18.
Bxd5 cxd5 19. c4 Bc5 20. Rxa8 Qxa8 21. d4 exd4 22. Nxd4 Bxd4 23. Rxe7 Bc5 24.
Rc7 Bb6 25. Re7 Bc5 26. Rc7 Bb6 27. Re7 {1/2-1/2 (27) Vachier Lagrave,M (2789)
-Anand,V (2782) London 2017}) ({With both our kings castled short} 6. Bg5 {
does not look dangerous, after} h6 7. Bh4 {Black can just go} g5 8. Bg3 d6 9.
c3 {And here there are many possibilities, but I like} a6 {to reserve a safe
square for my bishop.}) (6. h3 {is possible too. Black can play} d5 7. exd5
Nxd5 {but it's not the best timing, as d3 is solidly protected. So I would
prefer 6...d6.} 8. Nbd2 $14) (6. Re1 Ng4 7. Re2 {gives Black the extra option
of} Nd4 $5 ({Or perhaps even better is} 7... Kh8 8. h3 f5 $1 {1-0 (57) So,W 
(2770)-Giri,A (2785) Bilbao 2016}) 8. Nxd4 Bxd4 9. h3 Nf6 {with
simplifications.}) (6. Nbd2 {is okay too, but it blocks the bishop from
developing. Black can play} d6 7. c3 a5 8. Re1 Be6) (6. Nc3 {is not scary,
Black plays} h6 {to prevent Bg5 then} 7. Nd5 d6 $11) 6... h6 {A slight
move-order subtlety.} (6... a5 {is natural, but I assume he would go} 7. Bg5 {
which gives White extra possibilities, as now the b5 square is weak. Levon
played 3 games in 2017 with} h6 8. Bh4 Be7 {but I'm not particularly convinced
and I haven't analysed it deeply enough either.}) ({If} 6... d6 7. c3 {
threatens to trap my bishop, so} a5 8. Bg5 {and again the b5 square is weak,
but the position does not look clear at all to me.} h6 9. Bh4 g5 10. Bg3 {
I have no idea what is going on here. The difference with the pawn on a5 is
that after} Ba7 11. Na3 {White always has the option to gain time by jumping
on b5, while if I leave my bishop on c5 then its vulnerable to d3-d4.}) (6...
a6 {is another very serious possibility, but for this game I wanted to put my
pawn on a5.}) 7. c3 (7. a5 {is worthy of interest. White threatens a5-a6 so} a6
8. c3 d6 {gives a slightly different pawn structure.}) 7... a5 {I like this ...
a5 setup. Black fights for every bit of space in the queenside and controls
the dark squares very well.} 8. Nbd2 (8. d4 {gives Black many possble options:}
exd4 (8... Bb6 9. dxe5 Nxe4) 9. cxd4 Bb6 10. e5 d5 ({Or} 10... Ne8 11. Nc3 d6 {
seems to hold out well.})) 8... d6 9. h3 Be6 {Trading pieces is welcome for
Black. Other options I considered were:} (9... Re8 {with the idea of Be6 while
avoiding the doubled-pawns.} 10. Re1 Be6 11. Bb5 {is the downside, as our
knight is pinned. Black can play 11...Nd7 or 11...Bd7 with some theory
involved.}) ({Or} 9... Ne7) 10. Re1 (10. Bxe6 fxe6 {looks a little worrying to
me because of the doubled-pawns. But Black controls enough space and should be
able to fight sucessfuly.} 11. Re1 d5 ({Or} 11... Qe8 12. Nf1 Nh5)) 10... Bxc4
11. Nxc4 Re8 12. Be3 {With g5 under my control he does not have really
anything better than to exchange dark-squared bishops.} Bxe3 13. Nxe3 Qd7 ({
The freeing break} 13... d5 {does not work yet} 14. Qb3 $1 dxe4 (14... d4 15.
cxd4 exd4 16. Nf5 $14) 15. dxe4 Nxe4 16. Qxb7 Re6 (16... Qd7 17. Rad1 Nd6 18.
Nc4 $16) 17. Rad1) ({But I considered} 13... Ne7 {which is fine.}) 14. Qb3 Ne7
{I was starting to get worried over my c4-b5 light squares though closer
analysis shows White is not fast enough to exploit it. Then I decided to
transfer my knight to a better square.} ({Funnily enough} 14... Nd8 {is a
serious alternative here, given by the computer. I did not seriously consider
it during the game, but I can't find any way for White to do anything. Once my
knight gets to e6 then to f4, or c5 I consolidate.} 15. Nc4 (15. Nd5 Nxd5 16.
exd5 f5) 15... Ne6 16. d4 exd4 17. cxd4 Nf4 18. e5 N6d5 $11) 15. Nc4 Ng6 16.
Rad1 {I thought this was too slow, but the position is so sterile anyway.} ({
I told Vishy after the game that I thought} 16. Re3 {might be a bit better for
White, as he is faster on the e-file.} b6 17. Rae1 Nh5 $1 18. Kh2 (18. d4 Nhf4)
18... Nhf4 {but the computer disagrees with me anyway and it turns out that he
has problems with my knight on f4.}) (16. d4 exd4 17. Nxd4 b6 $11) (16. Qb5 {
does not lead anywhere as ...b6 is sufficient, or} c6 17. Qb3 Qc7) 16... b6 17.
Qc2 {Again this looks slow. I thought his queen was just fine where it was but
it might be needed to protect the kingside from Nf4 sometimes.} (17. d4 exd4
18. Rxd4 Re6 {gives White problems along the e-file.}) (17. Qb5 Nf4 $11) 17...
d5 {I could play other moves, such as Qc6 or Nh5 but generally if d6-d5 works
I should just go for it.} 18. exd5 ({Slightly more precise is} 18. d4 {using
the fact that my queen is vulnerable. After} exd4 19. Rxd4 Qc6 20. exd5 Rxe1+
21. Nxe1 Nxd5 22. Qe4 Nde7 $11 {it is completely equal.}) 18... Qxd5 19. b3 {
I was a little surprised with this as now its clear that I have no problems
whatsoever.} ({I expected} 19. Ne3 Qc6 (19... Qb7 20. Nc4 {draw.}) 20. d4 $11)
19... Rad8 {Centralizing the rooks.} 20. d4 exd4 21. Rxd4 Rxe1+ 22. Nxe1 Qa8
23. Rxd8+ Qxd8 {By now I realize that Vishy is probably happy to force the
draw.} 24. Qd3 $6 {This is not the best way though as the queen can be kicked
by my knights with Nf4, Nd5 etc.} (24. Nd3 Nd5 {might be a bit uncomfortable
for White.}) (24. Qd2 Qxd2 25. Nxd2 Nf4) ({I thought} 24. b4 {is the simplest,
to trade pawns and weaken my queenside.}) 24... Qe7 $1 {It is wise for Black
to keep queens for now.} ({I calculated this long line:} 24... Qxd3 25. Nxd3
Nd5 26. b4 Ngf4 (26... Nxc3 27. bxa5 bxa5 28. Nc5) 27. bxa5 bxa5 28. Nc5 Ne6
29. Ne4 (29. Nxe6 fxe6 30. Nxa5 Nxc3 {leaves me a pawn up.}) 29... f5 30. Ng3
g6 31. Ne2 Nef4 32. Nxf4 Nxf4 {But then it turns out I am not even winning a
pawn:} 33. Ne5 $1 Ne2+ (33... Kg7 34. c4) 34. Kf1 Nxc3 35. Nxg6 Nxa4 36. Ne7+
Kf7 37. Nc6 $11) 25. Nc2 Nf4 26. Qd2 N6d5 27. Kf1 (27. Kh2 Qe2 28. g3 Qxd2 29.
Nxd2 Ne6 30. c4 Nb4 31. Nxb4 axb4 $15) 27... Nxc3 28. N4e3 $2 {The losing
mistake. He still had a lot of time here. Obviously on a good day he would
have surely spotted 28.Nxb6, but in London, Vishy and Michael Adams were a bit
out of form.} (28. Nxb6 $1 {might be enough for a draw.} cxb6 (28... Qg5 29.
Ne1) 29. Qxc3 Qe2+ 30. Kg1 Qd1+ 31. Kh2 Ne2 32. Qc8+ {The point of the knight
sacrifice.} Kh7 33. Qf5+ $11) 28... Ne4 29. Qd4 c5 30. Qd1 Qf6 {Being quite
low on time, I chose a logical looking move.} ({Black wins right away after} 
30... Qh4 $1 31. Ng4 Nxh3 $1 (31... f5 32. Qd7 Qh5 {wins too, albeit a more
complicated one.}) 32. gxh3 (32. g3 Qg5) 32... Qxh3+ 33. Kg1 Nc3 34. Qd8+ Kh7 {
and White's king has no defense. I spotted 31...Nxh3! but I just couldn't
believe that it wins on the spot! Maybe I need to have more belief in myself.}
35. Nh2 Ne2+ 36. Kh1 Qf5 $19) 31. Ng4 ({Resistance could've been much tougher
with} 31. Qd7 {threatening Qe8 check.} Kh7 32. f3 Ng3+ 33. Kf2 Qh4 34. Qg4 $17)
(31. f3 Ng3+ 32. Kf2 Qh4 {is a bit different as White has no Qg4.}) 31... Qc3
32. Nce3 h5 33. Nh2 Qb2 {Here Vishy had to resign, as he will inevitably lose
a second pawn. An unexpected win for me! It's quite difficult to win with the
Black pieces against players of this caliber. You need to be in really good
form, or your opponent in really bad form. As I missed chances against
Nepomniatchi and Aronian earlier in the tournament, this win was received with
a big sigh of relief!} 0-1